Solid state physics / (Record no. 180899)

000 -LEADER
fixed length control field 00491 a2200193 4500
003 - CONTROL NUMBER IDENTIFIER
control field Nust
005 - DATE AND TIME OF LATEST TRANSACTION
control field 20170207153159.0
010 ## - LIBRARY OF CONGRESS CONTROL NUMBER
LC control number 93233851
020 ## - INTERNATIONAL STANDARD BOOK NUMBER
International Standard Book Number 0121460703
020 ## - INTERNATIONAL STANDARD BOOK NUMBER
International Standard Book Number 0121460711 (paper int'l. ed.)
040 ## - CATALOGING SOURCE
Transcribing agency Nust
082 00 - DEWEY DECIMAL CLASSIFICATION NUMBER
Classification number 530.41
100 1# - MAIN ENTRY--PERSONAL NAME
Personal name Burns, Gerald,
245 10 - TITLE STATEMENT
Title Solid state physics /
Statement of responsibility, etc. Gerald Burns.
260 ## - PUBLICATION, DISTRIBUTION, ETC.
Place of publication, distribution, etc. Boston :
Name of publisher, distributor, etc. Academic Press,
Date of publication, distribution, etc. c1990.
300 ## - PHYSICAL DESCRIPTION
Extent xvi, 810 p. :
Other physical details ill. ;
Dimensions 24 cm.
500 ## - GENERAL NOTE
General note Includes index.
650 #0 - SUBJECT ADDED ENTRY--TOPICAL TERM
Topical term or geographic name entry element Solid state physics.
942 ## - ADDED ENTRY ELEMENTS (KOHA)
Source of classification or shelving scheme
Koha item type Book
Holdings
Withdrawn status Lost status Source of classification or shelving scheme Damaged status Not for loan Collection code Permanent Location Current Location Date acquired Total Checkouts Full call number Barcode Date last seen Price effective from Koha item type
            Military College of Signals (MCS) Military College of Signals (MCS) 12/12/2016   530.41 BUR MCS5092 12/08/2016 12/12/2016 Book
© 2023 Central Library, National University of Sciences and Technology. All Rights Reserved.